Normal view
MARC view
- Ahmed Hassan (00000206054)
Entry Personal Name
001 - CONTROL NUMBER
- control field: 116549
003 - CONTROL NUMBER IDENTIFIER
- control field: NUST
005 - DATE AND TIME OF LATEST TRANSACTION
- control field: 20230912170005.0
008 - FIXED-LENGTH DATA ELEMENTS
- fixed length control field: 230912|| aca||aabn | a|a d
040 ## - CATALOGING SOURCE
- Original cataloging agency: NUST
- Transcribing agency: NUST
100 ## - HEADING--PERSONAL NAME
- Personal name: Ahmed Hassan (00000206054)
670 ## - SOURCE DATA FOUND
- Source citation: Work cat.: (NUST): Ahmed Hassan (00000206054), Photo-Electrochemical Water Splitting through Graphene-Based ZnS Composites for H2 Production /, 2021
